Using of antibiotics for diseases treatment and prevention occur in chicken broiler production in saangdistrict, kandal province, (ការប្រើប្រាស់អង់ទីប៊ីយ៉ូទិក សម្រាប់ព្យាបាលជំងឺដែលកើតមានក្នុងផលិតកម្មមាន់សាច់ នៅក្នុងស្រុុកស្អាង​ ខេត្តកណ្ដាល) (Record no. 2524)

000 -LEADER
fixed length control field 00776nam a22001217a 4500
040 ## - CATALOGING SOURCE
Transcribing agency RUA
082 ## - DEWEY DECIMAL CLASSIFICATION NUMBER
Classification number AVM CHH 2011 B098 Or.1
100 ## - MAIN ENTRY--AUTHOR NAME
Personal name CHHORN HORCHHEANGHENG
245 ## - TITLE STATEMENT
Title Using of antibiotics for diseases treatment and prevention occur in chicken broiler production in saangdistrict, kandal province, (ការប្រើប្រាស់អង់ទីប៊ីយ៉ូទិក សម្រាប់ព្យាបាលជំងឺដែលកើតមានក្នុងផលិតកម្មមាន់សាច់ នៅក្នុងស្រុុកស្អាង​ ខេត្តកណ្ដាល)
260 ## - PUBLICATION, DISTRIBUTION, ETC. (IMPRINT)
Place of publication phnom penh
Name of publisher rua
Year of publication 2011
856 ## - ELECTRONIC LOCATION AND ACCESS
Uniform Resource Identifier https://drive.google.com/file/d/186Mpz6sXJuqROLoQFznmCAkNMXVXPJPD/view?usp=sharing
942 ## - ADDED ENTRY ELEMENTS (KOHA)
Koha item type AVM
952 ## - LOCATION AND ITEM INFORMATION (KOHA)
Withdrawn status [LOCAL, KOHA] 0
952 ## - LOCATION AND ITEM INFORMATION (KOHA)
Withdrawn status [LOCAL, KOHA] 0
952 ## - LOCATION AND ITEM INFORMATION (KOHA)
Withdrawn status [LOCAL, KOHA] 0
952 ## - LOCATION AND ITEM INFORMATION (KOHA)
Withdrawn status [LOCAL, KOHA] 0
952 ## - LOCATION AND ITEM INFORMATION (KOHA)
Withdrawn status [LOCAL, KOHA] 0
952 ## - LOCATION AND ITEM INFORMATION (KOHA)
Withdrawn status [LOCAL, KOHA] 0
Holdings
Permanent Location Date acquired Koha item type Lost status Shelving location Barcode Current Location Full call number
Library Block B2015-10-22AVM B098RUA016245Library Block BAVM CHH 2011 B098 Or.1
Library Block B2015-10-22AVM B098RUA016468Library Block BAVM CHH 2011 B098 Or.2
Library Block B2015-10-22AVM B098RUA019306Library Block BAVM CHH 2011 B098 Or.3
Library Block B2015-10-22AVM B098RUA019234Library Block BAVM CHH 2011 B098 Or.4
Library Block B2015-10-22AVM B098RUA019451Library Block BAVM CHH 2011 B098 Or.5
Library Block B2015-10-22AVM B098RUA019379Library Block BAVM CHH 2011 B098 Or.6
មជ្ឈមណ្ឌលឯការនៃសាកលវិទ្យាល័យភូមិន្ទកសិកម្មចំការដូង

Powered by Koha